| 000 | 00601nam a22002057a 4500 | ||
|---|---|---|---|
| 999 |
_c14146 _d14146 |
||
| 003 | AR-CdUCM | ||
| 008 | 190422b ||||| |||| 00| 0 spa d | ||
| 040 |
_aMUNICIPALIDAD PROVINCIAL DEL CUSCO _cBIBLIOTECA MUNICIPAL DEL CUSCO |
||
| 082 |
_a869.56 / _bJ77 |
||
| 100 |
_aJovaldo _932820 |
||
| 245 | _aAsi de pronto despierto / | ||
| 260 |
_aLima : _bAuluco, _c1986. |
||
| 300 |
_a34 paginas ; _c15 cm. |
||
| 505 | _aContenido : Poemas | ||
| 650 |
_aEnsayos Peruanos _9269 |
||
| 650 |
_aPoemas Peruanos _91040 |
||
| 650 |
_aAutores peruanos _9731 |
||
| 942 |
_2ddc _cLIBROS |
||
| 945 |
_awnts _d2019-04-22 |
||